Normal view
MARC view
- Muhammad haroon saleem
Entry Personal Name
001 - CONTROL NUMBER
- control field: 50814
003 - CONTROL NUMBER IDENTIFIER
- control field: NUST
005 - DATE AND TIME OF LATEST TRANSACTION
- control field: 20210314134805.0
008 - FIXED-LENGTH DATA ELEMENTS
- fixed length control field: 210314|| aca||aabn | a|a d
040 ## - CATALOGING SOURCE
- Original cataloging agency: NUST
- Transcribing agency: NUST
100 ## - HEADING--PERSONAL NAME
- Personal name: Muhammad haroon saleem
670 ## - SOURCE DATA FOUND
- Source citation: Work cat.: (NUST): Muhammad haroon saleem , Comprising of flexural strength of reinforced concrete beam using CFRP and steel jacketing, 2015.
